| 000 | 00000nam##2200000za#4500 |
| 001 | 9.696407 |
| 003 | CaOODSP |
| 005 | 20210624235023 |
| 007 | cr ||||||||||| |
| 008 | 150407|1996||||xxc|||||o f|0| 0 eng|d |
| 040 | |aCaOODSP|beng |
| 043 | |an-cn--- |
| 086 | 1 |aF2-109/1996E-PDF |
| 110 | 1 |aCanada. |bDepartment of Finance. |
| 245 | 10|aTowards replacing the Goods and Services Tax |h[electronic resource] |
| 260 | |aOttawa - Ontario : |bFinance Canada |c[1996]. |
| 300 | |a97p.|btables |
| 590 | |a12-32-Supp|b2012-07-11 |
| 690 | 07|aFiscal policy|2gcpds |
| 690 | 07|aGoods and services tax|2gcpds |
| 775 | 08|tVers le remplacement de la taxe sur les produits et services |w(CaOODSP)9.640524 |
| 776 | 0#|tTowards replacing the Goods and Services Tax |w(CaOODSP)9.646241 |
| 856 | 40|ahttp://publications.gc.ca|qPDF|s762 KB|uhttps://publications.gc.ca/collections/Collection/F2-109-1996E.pdf |